[Event "AUTO-OPEN-4632"]
[Site "http://www.queenalice.com/game.php?id=1867433"]
[Date "2025.12.29"]
[Round "1"]
[White "mvson33"]
[Black "Hovis"]
[Result "0-1"]
[WhiteElo "1860"]
[BlackElo "1615"]

1. e4 d5 2. exd5 Qxd5 3. Nc3 Qf5 4. Nf3 Nf6 5. d3 e6 6. Be2 Bd6 7. O-O O-O 8.
Bd2 Re8 9. d4 Bd7 10. Bd3 Qh5 11. Re1 Nc6 12. Be2 Ng4 13. h3 Nf6 14. Be3 Qg6 15.
a3 b6 16. Bd3 Qh5 17. Ne5 Nxe5 18. dxe5 Bxe5 19. Qxh5 Nxh5 20. Be2 Nf6 21. Bf3
Rad8 22. Rad1 c5 23. Ne4 a5 24. Nxf6+ Bxf6 25. c3 e5 26. Be2 e4 27. Bc1 b5 28.
Bg4 Bxg4 29. hxg4 Re5 30. Rxd8+ Bxd8 31. Bf4 Re6 32. Be3 b4 33. Bxc5 bxc3 34.
bxc3 g6 35. Rd1 Bb6 36. Bxb6 Rxb6 37. Rd4 Rb3 38. Ra4 Rxc3 39. Rxa5 e3 40. fxe3
Rxe3 41. Ra8+ Kg7 42. a4 Rg3 43. a5 Rxg4 44. a6 Re4 45. a7 Re7 46. Rg8+ Kxg8 47.
a8=Q+ Kg7 48. Kf2 f5 49. Qa1+ Kh6 50. Qf6 Re4 51. Qf8+ Kg5 52. Qg7 h5 53. Qc3
Rf4+ 54. Kg1 h4 55. Qe3 Kg4 56. Qh3+ Kg5 57. Qe3 Kg4 58. Qe6 g5 59. Qe2+ Kg3 60.
Qe7 Kg4 61. Qe2+ Kg3 62. Qh5 g4 63. Qe8 Re4 0-1

[Event "AUTO-OPEN-4632"]
[Site "http://www.queenalice.com/game.php?id=1867434"]
[Date "2025.12.29"]
[Round "1"]
[White "Hovis"]
[Black "mvson33"]
[Result "0-1"]
[WhiteElo "1562"]
[BlackElo "1941"]

1. e4 d5 2. Nc3 dxe4 3. Nxe4 Nc6 4. b3 e6 5. Bb2 Nf6 6. Bd3 Be7 7. Nf3 O-O 8.
O-O Bd7 9. Re1 Rc8 10. Neg5 h6 11. Ne4 Nxe4 12. Rxe4 Bf6 13. Ne5 Nxe5 14. Qb1
Bc6 15. Re3 Nxd3 16. Rxd3 Qe7 17. c4 Rcd8 18. Qc2 Be4 19. Re1 Bxd3 20. Qc1 Bxb2
21. Qxb2 Qf6 22. Qa3 a6 23. Qb4 Be4 24. Rxe4 Qa1+ 25. Re1 Qxe1# 0-1

[Event "AUTO-OPEN-4632"]
[Site "http://www.queenalice.com/game.php?id=1867459"]
[Date "2025.12.29"]
[Round "1"]
[White "Hovis"]
[Black "josebaron"]
[Result "0-1"]
[WhiteElo "1581"]
[BlackElo "2141"]

1. c4 e5 2. g3 Nf6 3. Nc3 Bc5 4. Nf3 O-O 5. d4 exd4 6. Nxd4 d6 7. Bg2 Bxd4 8.
Nb5 Bc5 9. O-O a6 10. Nc3 Nc6 11. b3 Bf5 12. e3 Rb8 13. a3 Re8 14. b4 Ba7 15.
Bb2 Ne5 16. b5 Nxc4 17. Qe2 Nxb2 18. Qxb2 axb5 19. Qxb5 Bd7 20. Qe2 c6 21. Rfd1
Bg4 22. f3 Rxe3 23. Qd2 Rd3+ 24. Kf1 Rxd2 25. Rxd2 Qb6 26. Ke2 Qe3+ 27. Kd1
Bxf3+ 28. Bxf3 Qxf3+ 29. Kc2 Ne4 30. Rd3 Qf2+ 31. Kb3 Nxc3 32. Rxc3 Bd4 33. Ra2
Qxa2+ 34. Kxa2 Bxc3 0-1

[Event "AUTO-OPEN-4632"]
[Site "http://www.queenalice.com/game.php?id=1867460"]
[Date "2025.12.29"]
[Round "1"]
[White "josebaron"]
[Black "Hovis"]
[Result "1-0"]
[WhiteElo "2164"]
[BlackElo "1575"]

1. e4 e5 2. Nf3 Nc6 3. Nc3 b6 4. d4 Qe7 5. dxe5 Nxe5 6. Nxe5 Qxe5 7. Be2 Bb7 8.
Nd5 Bd6 9. Bf4 Qxe4 10. Bxd6 Qxd5 11. Qxd5 Bxd5 12. Bxc7 Rc8 13. Be5 Nf6 14.
Bxf6 gxf6 15. c3 Bxg2 16. Rg1 Bh3 17. O-O-O Be6 18. a3 Ke7 19. Rd4 Rcg8 20. Rg3
h5 21. h4 f5 22. Kd2 Rg6 23. Ke3 Rxg3+ 24. fxg3 Rg8 25. Kf4 a6 26. Bxh5 b5 27.
a4 Rb8 28. axb5 Rxb5 29. b4 a5 30. Be2 a4 31. Bxb5 a3 32. Rd1 a2 33. h5 f6 34.
c4 d6 35. Ra1 d5 36. cxd5 Bxd5 37. Kxf5 Be6+ 38. Kf4 Kf7 39. g4 Kg7 40. Bd3 1-0

[Event "AUTO-OPEN-4632"]
[Site "http://www.queenalice.com/game.php?id=1867461"]
[Date "2025.12.29"]
[Round "1"]
[White "Hovis"]
[Black "IranSilva"]
[Result "0-1"]
[WhiteElo "1579"]
[BlackElo "2155"]

1. e4 e5 2. Nc3 Nc6 3. Nf3 Bc5 4. b3 d6 5. Be2 Nf6 6. O-O h6 7. Bb2 Bg4 8. h3
Be6 9. a3 O-O 10. b4 Bb6 11. d3 Re8 12. Re1 Qd7 13. Nb5 a6 14. d4 exd4 15. Nbxd4
Nxe4 16. g4 Nxd4 17. Bxd4 Bxd4 18. Nxd4 Nc3 19. Qd2 Ne4 20. Qe3 Ng5 21. Kg2 Bd5+
22. Bf3 Rxe3 23. Rxe3 Bxf3+ 24. Nxf3 Nxf3 25. Rxf3 Re8 26. c4 Qc6 27. Rc1 Re4
28. c5 Rf4 29. Rc3 Rxf3 30. Rxf3 dxc5 31. Kg3 cxb4 32. axb4 Qd6+ 33. Rf4 g5 0-1

[Event "AUTO-OPEN-4632"]
[Site "http://www.queenalice.com/game.php?id=1867462"]
[Date "2025.12.29"]
[Round "1"]
[White "IranSilva"]
[Black "Hovis"]
[Result "1-0"]
[WhiteElo "2165"]
[BlackElo "1577"]

1. Nf3 d5 2. c4 c6 3. g3 f6 4. Bg2 Nd7 5. cxd5 c5 6. O-O e5 7. d3 Bd6 8. Nc3 Nh6
9. Ne4 Qe7 10. Bxh6 gxh6 11. Nh4 Nf8 12. e3 a6 13. Qh5+ Ng6 14. Nxg6 hxg6 15.
Qxg6+ Kd8 16. Nxf6 Qf8 17. Ne4 Bf5 18. Qxd6+ Qxd6 19. Nxd6 Rf8 20. Nxb7+ Kc7 21.
Nxc5 Kd6 22. Rfc1 a5 23. Nb7+ Ke7 24. d6+ Kf6 25. Rc7 a4 26. Nc5 Ra5 27. d7 a3
28. b3 Rxc5 29. Rxc5 Bxd7 30. Ra5 Bf5 31. Ra6+ Ke7 32. e4 Bd7 33. Rxh6 Bb5 34.
Rd1 Rc8 35. Rb6 Rc2 36. Rxb5 Rxa2 37. Rxe5+ Kd6 38. Ra5 1-0

[Event "AUTO-INT-3950"]
[Site "http://www.queenalice.com/game.php?id=1867974"]
[Date "2026.1.15"]
[Round "2"]
[White "Hovis"]
[Black "askasl159"]
[Result "0-1"]
[WhiteElo "1634"]
[BlackElo "1643"]

1. e4 e5 2. Nc3 Nf6 3. d3 Bc5 4. Qe2 Nc6 5. Bd2 O-O 6. O-O-O d5 7. Nf3 dxe4 8.
dxe4 Bg4 9. h3 Bxf3 10. Qxf3 Nd4 11. Qg3 Qd6 12. Bh6 Nh5 13. Qg5 Qxh6 14. h4
Qxg5+ 15. hxg5 Nf4 16. Bc4 Rad8 17. g3 Nfe2+ 18. Bxe2 Nxe2+ 19. Nxe2 Bxf2 20.
Kb1 Be3 21. a3 Bxg5 22. Rd5 Rxd5 23. exd5 Rd8 24. Nc3 c6 25. Rd1 cxd5 26. Rxd5
Rxd5 27. Nxd5 e4 28. Nc3 e3 29. g4 g6 30. Ne2 h5 31. gxh5 gxh5 32. Kc1 f5 33.
Kd1 f4 34. Ke1 f3 35. Ng3 Bh4 0-1

[Event "AUTO-INT-3953"]
[Site "http://www.queenalice.com/game.php?id=1869482"]
[Date "2026.2.19"]
[Round "2"]
[White "Hovis"]
[Black "SGF"]
[Result "0-1"]
[WhiteElo "1646"]
[BlackElo "1755"]

1. e4 e5 2. Nc3 c6 3. Nf3 Qf6 4. g3 Be7 5. Bg2 d6 6. d4 Bg4 7. O-O h6 8. a3 exd4
9. Qxd4 Bxf3 10. Qxf6 Nxf6 11. Bxf3 h5 12. Re1 b5 13. Bf4 Nbd7 14. b4 a5 15. e5
dxe5 16. Bd2 axb4 17. Bxc6 Rxa3 18. Nxb5 Rxa1 19. Rxa1 O-O 20. Bg5 Nc5 21. Rb1
g6 22. Rxb4 Nce4 23. Rxe4 Nxe4 24. Bxe7 Rb8 25. Nd6 Nxd6 26. Bxd6 Rb6 27. Bxe5
Rxc6 28. c3 Re6 29. Bd4 f5 30. c4 Re4 31. Be3 Rxc4 32. Kg2 Kf7 33. Bg5 Rg4 34.
h4 Ke6 35. f3 Rc4 36. g4 fxg4 37. f4 Kf5 38. Kf2 Ke4 39. Bh6 Rc2+ 40. Kg3 Rc3+
41. Kf2 Rh3 42. Bg5 Rh2+ 43. Kg3 Re2 44. Bh6 Ke3 45. f5+ Ke4 46. fxg6 Kf5 47. g7
Re8 48. Bd2 Kg6 49. Bc3 Kh7 50. Kf4 Rc8 51. Be5 Rc4+ 52. Kg5 Rc5 53. Kf6 Rxe5
54. Kxe5 g3 55. Kf5 g2 56. g8=Q+ Kxg8 57. Kg5 g1=Q+ 58. Kxh5 Kf7 0-1

[Event "AUTO-INT-3953"]
[Site "http://www.queenalice.com/game.php?id=1869483"]
[Date "2026.2.19"]
[Round "2"]
[White "SGF"]
[Black "Hovis"]
[Result "1/2-1/2"]
[WhiteElo "1773"]
[BlackElo "1641"]

1. e4 e5 2. Qf3 Nf6 3. d3 h6 4. Be2 d6 5. Qg3 a6 6. h4 Nc6 7. c3 Be6 8. b4 Qd7
9. a4 O-O-O 10. b5 a5 11. bxc6 Qxc6 12. Nh3 Be7 13. h5 Rhg8 14. O-O g5 15. Bxg5
Nxe4 16. dxe4 hxg5 17. h6 Qxe4 18. Nd2 Qxe2 19. Nf3 f6 20. Rfe1 Qc2 21. Re3 Qh7
22. Qh2 Qxh6 23. Nd2 g4 24. Nf4 Qxf4 25. Qxf4 exf4 26. Rxe6 Rg7 27. Ne4 f5 28.
Nf6 d5 29. Rd1 Rd6 30. Rxd6 Bxd6 31. Nxd5 f3 32. g3 f4 33. gxf4 g3 34. Rd3 Bc5
35. Ne3 c6 36. fxg3 b5 37. axb5 cxb5 38. Kf2 Rd7 39. Rxd7 Kxd7 40. Kxf3 b4 41.
cxb4 axb4 42. Nc4 b3 43. Ke4 Ke6 44. f5+ Kf6 45. Kd5 Bb4 46. Nb2 Be1 47. g4 Kg5
48. Kc4 Kxg4 49. f6 Bh4 50. f7 Be7 51. Kxb3 Kf5 52. Nc4 Kf6 53. Nb6 Kxf7 1/2-1/2

[Event "AUTO-INT-3953"]
[Site "http://www.queenalice.com/game.php?id=1869485"]
[Date "2026.2.19"]
[Round "2"]
[White "Erlofabr"]
[Black "Hovis"]
[Result "0-1"]
[WhiteElo "1675"]
[BlackElo "1618"]

1. d4 d6 2. d5 Nf6 3. c4 Nbd7 4. Bg5 c5 5. Nc3 h6 6. Bxf6 Nxf6 7. e4 Qb6 8. Nb5
Nxe4 9. Qa4 a6 10. Nc7+ Kd8 11. Nxa8 Qxb2 12. Qa5+ Ke8 13. Nc7+ Kd7 14. Na8
Qxa1+ 15. Ke2 Nc3+ 16. Kf3 e6 17. Qc7+ Ke8 18. Qxc8+ Ke7 19. Nc7 Qd1+ 20. Be2
Nxe2 21. Qe8+ Kf6 22. Qd8+ Kg6 23. h4 Qd3+ 0-1